000 00246nam a2200109Ia 4500
008 220204s9999 xx 000 0 und d
082 _a82-7
_bLAX
100 _aLaxman, R K
245 0 _aYou said it. 1
260 _aBombay
_bIBH
_c1979
942 _cBK
999 _c33580
_d33580